000 00260nam a2200097Ia 4500
001 1145642
005 20250827010236.0
008 250824s9999 xx 000 0 und d
245 0 _aKENDİNİ BİLEN RABB'İNİ BİLİR
_cUĞUR KOŞAR
260 _bDESTEK YAYINLARI
999 _c1145642
_d1145642